Primality testing for beginners / (Record no. 141719)

MARC details
000 -LEADER
fixed length control field 00633nam a22001937a 4500
005 - DATE AND TIME OF LATEST TRANSACTION
control field 20170621153244.0
010 ## - LCCN (DPL NO)
LC control number ENG-118843
020 ## - INTERNATIONAL STANDARD BOOK NUMBER
International Standard Book Number 9781470438425
Terms of availability 1090.00
035 ## - SYSTEM CONTROL NUMBER
System control number EN-102375
037 ## - SOURCE OF ACQUISITION
Source of stock number/acquisition DBAD/PUB
082 ## - DEWEY DECIMAL CLASSIFICATION NUMBER
Classification number 512
100 ## - MAIN ENTRY--PERSONAL NAME
Personal name Rempe, Lasse
245 ## - TITLE STATEMENT
Title Primality testing for beginners /
Statement of responsibility, etc by Lasse Rempe [and] Rebecca Waldecker
260 ## - PUBLICATION, DISTRIBUTION, ETC. (IMPRINT)
Place of publication, distribution, etc Telangana
Name of publisher, distributor, etc American Mathematical Society
Date of publication, distribution, etc 2017
270 ## - ADDRESS
Address 3-6-747/A 7 3-6-754/1, Himayatnagar Hyderabad-500029, Telangana, India
300 ## - PHYSICAL DESCRIPTION
Extent ix,244p
Dimensions 22cm.(pbk)
500 ## - GENERAL NOTE
General note Includes bibliographical refrence
942 ## - ADDED ENTRY ELEMENTS (KOHA)
Source of classification or shelving scheme Dewey Decimal Classification
Item type English Books
Classification part 512
Call number suffix REM
Holdings
Withdrawn status Lost status Not for loan Collection code Home library Current library Date acquired Source of acquisition Cost, normal purchase price Full call number Barcode Copy number Cost, replacement price Koha item type
      Non-fiction Shahdara Branch Shahdara Branch 21/06/2017 DBAD/PUB 1090.00 512 REM EN-102375 1 1090.00 English Books

© Delhi Public Library
Hit Counter
free hit counter